[Event "MTO - 2023"]
[Site ""]
[Date "2023-07-17"]
[Round "1.47"]
[White "Sutter Oliver"]
[Black "Hornung Hans Dr."]
[Result "1-0"]
[WhiteTitle "FM"]
[WhiteElo "2313"]
[WhiteCountry "SUI"]
[WhiteFideId "1300474"]
[BlackTitle ""]
[BlackElo "2047"]
[BlackCountry "GER"]
[BlackFideId "4615140"]

1. d4 {[%clk 01:40:49]} Nf6 {[%clk 01:40:43]} 2. c4 {[%clk 01:41:14]} c5 {[%clk 01:40:56]} 3. d5 {[%clk 01:41:37]} e5 {[%clk 01:41:13]} 4. Nc3 {[%clk 01:41:58]} d6 {[%clk 01:41:34]} 5. e4 {[%clk 01:42:05]} Nbd7 {[%clk 01:41:51]} 6. g3 {[%clk 01:42:10]} g6 {[%clk 01:41:57]} 7. Bg2 {[%clk 01:42:25]} a6 {[%clk 01:42:05]} 8. a4 {[%clk 01:41:44]} Bg7 {[%clk 01:41:31]} 9. Nh3 {[%clk 01:41:49]} O-O {[%clk 01:38:06]} 10. O-O {[%clk 01:41:54]} a5 {[%clk 01:27:18]} 11. f4 {[%clk 01:37:56]} exf4 {[%clk 01:09:24]} 12. gxf4 {[%clk 01:38:17]} Nb6 {[%clk 01:07:00]} 13. Qd3 {[%clk 01:35:42]} Ng4 {[%clk 01:06:42]} 14. Nb5 {[%clk 01:28:16]} f5 {[%clk 01:06:08]} 15. Ng5 {[%clk 01:27:19]} fxe4 {[%clk 01:00:14]} 16. Bxe4 {[%clk 01:26:13]} Nf6 {[%clk 00:57:38]} 17. Ne6 {[%clk 01:20:14]} Bxe6 {[%clk 00:57:35]} 18. dxe6 {[%clk 01:20:39]} d5 {[%clk 00:55:08]} 19. Bxd5 {[%clk 01:11:38]} Nfxd5 {[%clk 00:52:11]} 20. cxd5 {[%clk 01:12:00]} Qxd5 {[%clk 00:51:10]} 21. Qxd5 {[%clk 01:09:36]} Nxd5 {[%clk 00:51:26]} 22. Ra3 {[%clk 01:09:14]} Rae8 {[%clk 00:47:26]} 23. Rd3 {[%clk 00:58:26]} Nb4 {[%clk 00:42:33]} 24. Rd6 {[%clk 00:58:02]} Nc6 {[%clk 00:37:09]} 25. Be3 {[%clk 00:52:50]} Nd4 {[%clk 00:37:00]} 26. Bxd4 {[%clk 00:51:18]} cxd4 {[%clk 00:36:08]} 27. Nc7 {[%clk 00:48:21]} Rc8 {[%clk 00:31:05]} 28. Rd7 {[%clk 00:44:41]} Bf6 {[%clk 00:27:00]} 29. e7 {[%clk 00:39:25]} Bxe7 {[%clk 00:27:12]} 30. Rxe7 {[%clk 00:39:48]} Rfd8 {[%clk 00:27:16]} 31. Ne6 {[%clk 00:24:27]} Rd5 {[%clk 00:21:25]} 32. f5 {[%clk 00:22:01]} gxf5 {[%clk 00:21:40]} 33. Nf4 {[%clk 00:21:44]} Rd6 {[%clk 00:20:15]} 34. Rf3 {[%clk 00:20:20]} Rc1+ {[%clk 00:18:25]} 35. Kf2 {[%clk 00:20:14]} Rc2+ {[%clk 00:14:00]} 36. Re2 {[%clk 00:20:31]} Rdc6 {[%clk 00:12:07]} 37. Rd3 {[%clk 00:19:54]} Rxe2+ {[%clk 00:08:12]} 38. Nxe2 {[%clk 00:19:33]} 1-0

[Event "MTO - 2023"]
[Site ""]
[Date "2023-07-17"]
[Round "1.48"]
[White "Schnell Simon"]
[Black "Nie Xinyang"]
[Result "0-1"]
[WhiteTitle ""]
[WhiteElo "2029"]
[WhiteCountry "SUI"]
[WhiteFideId "1345311"]
[BlackTitle ""]
[BlackElo "2288"]
[BlackCountry "CHN"]
[BlackFideId "8607222"]

1. d4 {[%clk 01:40:52]} Nf6 {[%clk 01:40:37]} 2. c4 {[%clk 01:41:13]} e6 {[%clk 01:41:02]} 3. Nc3 {[%clk 01:41:38]} Bb4 {[%clk 01:41:28]} 4. e3 {[%clk 01:41:57]} b6 {[%clk 01:41:25]} 5. Ne2 {[%clk 01:41:39]} Bb7 {[%clk 01:41:10]} 6. a3 {[%clk 01:41:53]} Be7 {[%clk 01:40:55]} 7. Nf4 {[%clk 01:41:55]} g5 {[%clk 01:36:29]} 8. Nh5 {[%clk 01:31:48]} d5 {[%clk 01:36:40]} 9. Nxf6+ {[%clk 01:25:06]} Bxf6 {[%clk 01:37:05]} 10. cxd5 {[%clk 01:25:30]} exd5 {[%clk 01:37:32]} 11. Be2 {[%clk 01:17:50]} Bg7 {[%clk 01:37:24]} 12. O-O {[%clk 01:15:53]} O-O {[%clk 01:37:38]} 13. Bf3 {[%clk 00:59:35]} f5 {[%clk 01:34:14]} 14. Qb3 {[%clk 00:35:55]} c6 {[%clk 01:25:00]} 15. e4 {[%clk 00:35:55]} fxe4 {[%clk 01:25:00]} 16. Nxe4 {[%clk 00:35:55]} h6 {[%clk 01:25:00]} 17. Be3 {[%clk 00:35:55]} Nd7 {[%clk 01:25:00]} 18. Ng3 {[%clk 00:35:55]} Nf6 {[%clk 01:25:00]} 19. Nh5 {[%clk 00:35:55]} Bc8 {[%clk 01:23:10]} 20. Nxf6+ {[%clk 00:31:51]} Rxf6 {[%clk 01:23:10]} 21. Be2 {[%clk 00:24:01]} Bf5 {[%clk 01:23:34]} 22. a4 {[%clk 00:24:01]} Re6 {[%clk 01:23:34]} 23. Bd3 {[%clk 00:24:01]} Bxd3 {[%clk 01:23:34]} 24. Qxd3 {[%clk 00:24:01]} Qe7 {[%clk 01:23:34]} 25. a5 {[%clk 00:24:01]} Re8 {[%clk 01:23:34]} 26. axb6 {[%clk 00:24:01]} axb6 {[%clk 01:07:40]} 27. h3 {[%clk 00:20:06]} Re4 {[%clk 01:07:40]} 28. Rfd1 {[%clk 00:09:05]} Qd6 {[%clk 01:02:43]} 29. Rac1 {[%clk 00:09:05]} R8e6 {[%clk 01:02:43]} 30. Qa3 {[%clk 00:09:05]} Qd8 {[%clk 01:02:43]} 31. Ra1 {[%clk 00:08:17]} Qf6 {[%clk 01:03:02]} 32. Qa8+ {[%clk 00:07:21]} Kh7 {[%clk 01:01:59]} 33. Ra7 {[%clk 00:04:15]} g4 {[%clk 01:01:36]} 34. hxg4 {[%clk 00:03:58]} Rxg4 {[%clk 01:02:02]} 35. Qb7 {[%clk 00:01:28]} Qg6 {[%clk 01:02:26]} 36. Qxg7+ {[%clk 00:00:33]} Qxg7 {[%clk 01:02:52]} 37. Rxg7+ {[%clk 00:00:57]} Rxg7 {[%clk 01:03:16]} 38. Ra1 {[%clk 00:01:05]} h5 {[%clk 01:03:04]} 39. g3 {[%clk 00:00:36]} h4 {[%clk 01:03:17]} 40. Bf4 {[%clk 00:50:38]} hxg3 {[%clk 01:53:41]} 41. fxg3 {[%clk 00:47:32]} Re2 {[%clk 01:54:06]} 42. b3 {[%clk 00:46:23]} Rb2 {[%clk 01:54:31]} 43. Rc1 {[%clk 00:46:45]} Ra7 {[%clk 01:54:55]} 44. Kf1 {[%clk 00:46:26]} Raa2 {[%clk 01:55:20]} 0-1

[Event "MTO - 2023"]
[Site ""]
[Date "2023-07-17"]
[Round "1.49"]
[White "Schnepp Gunnar"]
[Black "Jaivardhan Raj"]
[Result "1-0"]
[WhiteTitle "FM"]
[WhiteElo "2278"]
[WhiteCountry "AUT"]
[WhiteFideId "1604503"]
[BlackTitle "CM"]
[BlackElo "2009"]
[BlackCountry "IND"]
[BlackFideId "25744437"]

1. d4 {[%clk 01:40:54]} Nf6 {[%clk 01:40:46]} 2. c4 {[%clk 01:41:19]} e6 {[%clk 01:41:10]} 3. Nc3 {[%clk 01:41:03]} Bb4 {[%clk 01:41:32]} 4. e3 {[%clk 01:38:31]} b6 {[%clk 01:41:40]} 5. Bd3 {[%clk 01:30:18]} Bb7 {[%clk 01:41:24]} 6. Nf3 {[%clk 01:30:44]} O-O {[%clk 01:41:08]} 7. O-O {[%clk 01:30:06]} d5 {[%clk 01:36:33]} 8. a3 {[%clk 01:16:52]} Bd6 {[%clk 01:32:08]} 9. b4 {[%clk 01:16:17]} dxc4 {[%clk 01:21:51]} 10. Bxc4 {[%clk 01:16:17]} c5 {[%clk 01:21:51]} 11. dxc5 {[%clk 00:43:09]} bxc5 {[%clk 01:08:40]} 12. Nb5 {[%clk 00:43:09]} Bd5 {[%clk 01:08:40]} 13. Bxd5 {[%clk 00:43:09]} exd5 {[%clk 01:08:40]} 14. Bb2 {[%clk 00:41:21]} Ne4 {[%clk 00:59:16]} 15. Nxd6 {[%clk 00:41:21]} Qxd6 {[%clk 00:59:16]} 16. bxc5 {[%clk 00:41:21]} Qxc5 {[%clk 00:59:16]} 17. Rc1 {[%clk 00:40:18]} Qd6 {[%clk 00:53:20]} 18. Nd4 {[%clk 00:27:03]} Qd7 {[%clk 00:46:08]} 19. Qd3 {[%clk 00:25:12]} a5 {[%clk 00:38:41]} 20. Rfd1 {[%clk 00:11:12]} Rd8 {[%clk 00:14:19]} 21. f3 {[%clk 00:11:12]} Nd6 {[%clk 00:14:19]} 22. Ba1 {[%clk 00:11:12]} Nb7 {[%clk 00:14:19]} 23. Nf5 {[%clk 00:11:12]} f6 {[%clk 00:14:19]} 24. Qb1 {[%clk 00:11:12]} Qf7 {[%clk 00:14:19]} 1-0